000 002560000a22000970004500
100 1 _aSánchez Navarro, Luis
245 1 0 _aMt. 19,3-9 Una nueva perspectiva
300 _avol. 58, núm 2 (2000), Páginas 211-238
773 0 _tEstudios Bíblicos
942 _cANA
999 _c50267
_d50267